Honkai Star Rail all banners (V4.0) - Statistics

General Stats
  • This quiz has been taken 369 times
    75 since last reset
  • The average score is 99 of 133
Answer Stats
Version Phase 5 star % Correct
1.0 1 Seele
97%
1.4 2 Seele
97%
1.2 1 Blade
94%
1.6 1 Blade
94%
3.4 2 Blade
94%
Dan Heng
94%
1.3 1 Dan Heng - Imbibitor Lunae
94%
2.0 1 Dan Heng - Imbibitor Lunae
94%
2.6 1 Dan Heng - Imbibitor Lunae
94%
3.6 2 Dan Heng - Permansor Terrae
94%
1.1 1 Silver Wolf
94%
1.5 2 Silver Wolf
94%
3.0 2 Silver Wolf
94%
3.5 2 Silver Wolf
94%
Hook
90%
1.2 2 Kafka
90%
1.6 2 Kafka
90%
2.5 1 Kafka
90%
3.5 1 Kafka
90%
1.0 2 Jing Yuan
87%
2.0 2 Jing Yuan
87%
2.7 1 Jing Yuan
87%
Pela
87%
1.1 2 Luocha
84%
2.1 1 Luocha
84%
3.0 1 The Herta
84%
3.3 1 The Herta
84%
3.6 1 The Herta
84%
2.1 1 Acheron
81%
2.6 2 Acheron
81%
3.2 1 Acheron
81%
2.1 2 Aventurine
81%
2.6 2 Aventurine
81%
2.3 1 Firefly
81%
2.7 2 Firefly
81%
3.4 2 Firefly
81%
3.8 1 Firefly
81%
3.1 2 Mydei
81%
3.7 2 Mydei
81%
3.4 1 Phainon
81%
3.7 2 Phainon
81%
2.2 1 Robin
81%
2.5 1 Robin
81%
3.0 2 Robin
81%
2.7 1 Sunday
81%
3.4 1 Sunday
81%
3.8 3 Sunday
81%
Asta
77%
2.0 1 Black Swan
77%
2.5 1 Black Swan
77%
4.0 1 Black Swan
77%
2.5 1 Feixiao
77%
3.0 1 Feixiao
77%
March 7th
77%
Natasha
77%
2.0 2 Sparkle
77%
2.4 2 Sparkle
77%
3.4 1 Sparkle
77%
4.0 2 Sparkle
77%
Arlan
74%
3.6 1 Evernight
74%
4.0 1 Evernight
74%
1.4 1 Jingliu
74%
2.1 2 Jingliu
74%
3.4 2 Jingliu
74%
Luka
74%
4.0 2 Sparxie
74%
3.2 2 Anaxa
71%
3.6 2 Anaxa
71%
2.2 2 Boothill
71%
3.0 2 Boothill
71%
3.5 2 Cerydra
71%
4.0 2 Cerydra
71%
Gallagher
71%
Misha
71%
Moze
71%
3.8 1 The Dahlia
71%
4.0 1 Yao Guang
71%
4.0 2 Yao Guang
71%
3.0 2 Aglaea
68%
3.3 2 Aglaea
68%
3.8 3 Aglaea
68%
3.2 1 Castorice
68%
3.7 1 Castorice
68%
2.7 2 Fugue
68%
3.2 1 Fugue
68%
3.8 2 Fugue
68%
Guinaifen
68%
1.5 1 Huohuo
68%
2.4 1 Huohuo
68%
3.1 2 Huohuo
68%
2.4 2 Jiaoqiu
68%
3.2 1 Jiaoqiu
68%
2.5 2 Lingsha
68%
3.0 1 Lingsha
68%
3.8 2 Lingsha
68%
Serval
68%
3.3 2 Cipher
65%
3.7 2 Cipher
65%
3.7 1 Cyrene
65%
3.7 2 Cyrene
65%
1.3 2 Fu Xuan
65%
2.2 2 Fu Xuan
65%
3.5 1 Hysilens
65%
4.0 1 Hysilens
65%
1.6 1 Ruan Mei
65%
2.3 1 Ruan Mei
65%
Sampo
65%
Sushang
65%
1.4 2 Topaz and Numby
65%
2.2 1 Topaz and Numby
65%
2.5 2 Topaz and Numby
65%
3.1 1 Tribbie
65%
3.4 1 Tribbie
65%
3.7 1 Tribbie
65%
Yukong
65%
1.6 2 Dr. Ratio
61%
3.2 2 Dr. Ratio
61%
Lynx
61%
1.5 2 Argenti
58%
2.3 2 Argenti
58%
3.3 1 Hyacine
58%
3.7 1 Hyacine
58%
2.6 1 Rappa
58%
4.0 2 Rappa
58%
Tingyun
58%
2.4 1 Yunli
58%
3.1 1 Yunli
58%
Qingque
55%
Hanya
52%
2.3 2 Jade
52%
3.0 1 Jade
52%
Xueyi
52%
No matching quizzes found
Score Distribution
Percent of People with Each Score
Percentile by Number Answered
Your Score History
You have not taken this quiz since the last reset